Sentido y hecho en el derecho /

Uloženo v:
Podrobná bibliografie
Hlavní autor: Wróblewski, Jerzy (autor)
Médium: Kniha
Jazyk:španělština
Vydáno: México : Fontamara, 2001, c2001
Edice:(Doctrina Jurídica Contemporánea ; 9)
Témata:
Tagy: Přidat tag
Žádné tagy, Buďte první, kdo vytvoří štítek k tomuto záznamu!

MARC

LEADER 00000nam^a2200000^a^4500
001 000157819
005 20250521000000.0
005 20250521000000.0
009 20260310100552.873
020 |a 968-476-400-6 
037 |a Acervo ITESO - Biblioteca 
041 |a ESP 
082 |a 340. 1  |b DOC V. 9 
100 |a Wróblewski, Jerzy  |e (autor) 
240 1 1 |a [Doctrina jurídica contemporánea] 
245 1 0 |a Sentido y hecho en el derecho /  |c J. Wróblewski ; dir. de la serie de J.R. Cossío Díaz, R. Vázquez ; presen. de Leonel Castillo González, Mauro Miguel Reyes Zapata ; tr. por Francisco Javier Ezquiaga Ganuzas, Juan Igartua Salaverría. 
264 4 |a México :  |b Fontamara,  |c 2001, c2001 
300 |a 340 p. 
336 |a texto  |b txt  |2 rdacontenido 
337 |a sin mediación  |b n  |2 rdamedio 
338 |a volumen  |b nc  |2 rdasoporte 
440 1 |a (Doctrina Jurídica Contemporánea ;  |v 9) 
649 |a XX 
650 |a Valores 
650 |a Axiología 
650 |a Toma de Decisiones 
650 |a Lingüística 
650 |a Lógica 
650 |a Epistemología 
650 |a Derecho y Etica 
650 |a Ideología 
650 |a Derecho -  |x Filosofía 
650 |a Verdad 
650 |a Prueba (Derecho) 
650 |a Derecho -  |x Teoría 
650 |a Semántica 
650 |a Derecho -  |x Interpretación 
910 |a Fondo General 
920 |a Impresos - Libros 
930 |a Colección General 
905 |a 101 
901 |a 0500087527  |b IT1  |c ACC  |u 20250521 
902 |a https://opac.biblio.iteso.mx/vufind/Record/000157819